[Event "DEN-chT 1718 56th"]
[Site "Denmark"]
[Date "2017.11.19"]
[Round "2.5"]
[White "Pedersen, Nicolai Vesterbaek"]
[Black "Larsen, Steen Skovlund"]
[Result "1-0"]
[WhiteElo "2392"]
[BlackElo "2317"]
[PlyCount "83"]
[EventDate "2017.11.18"]
[EventType "team-tourn"]
[EventRounds "9"]
[EventCountry "DEN"]
[SourceTitle "CBM 181 Extra"]
[Source "ChessBase"]
[SourceDate "2017.12.12"]
[SourceVersion "1"]
[SourceVersionDate "2017.12.12"]
[SourceQuality "1"]
[WhiteTeam "Skanderborg Nordea"]
[BlackTeam "Hillerod"]
[WhiteTeamCountry "DEN"]
[BlackTeamCountry "DEN"]

1. e4 c5 2. Nf3 Nc6 3. c3 Nf6 4. e5 Nd5 5. d4 cxd4 6. Bc4 Nb6 7. Bb3 d5 8. exd6 Qxd6 9. 0-0 Be6 10. Na3 Bxb3 11. Qxb3 e6 12. Nb5 Qd7 13. Nbxd4 Nxd4 14. Nxd4 Be7 15. Rd1 0-0 16. a4 Rad8 17. a5 Qd5 18. Qxd5 Nxd5 19. a6 Rd7 20. Nb5 bxa6 21. Rxa6 Rb7 22. c4 Nb6 23. b3 Bc5 24. Kf1 f6 25. Be3 Bxe3 26. fxe3 Ra8 27. Rda1 Nd5 28. Rxe6 Nb4 29. Ra5 a6 30. Nd4 Kf7 31. Rd6 Re8 32. Ke2 g6 33. Kd2 Rbe7 34. Ra4 Rb7 35. c5 Rc8 36. c6 Rb6 37. Rd7+ Ke8 38. Rxh7 Nxc6 39. Rc4 Rd8 40. Rh8+ Ke7 41. Rh7+ Kd6 42. Nxc6 1-0

[Event "DEN-chT 0203"]
[Site "Denmark"]
[Date "2003.03.15"]
[Round "6.1"]
[White "Skytte, Rasmus"]
[Black "Larsen, Steen Skovlund"]
[Result "1/2-1/2"]
[WhiteElo "2402"]
[BlackElo "2318"]
[PlyCount "65"]
[EventDate "2002.11.06"]
[EventType "team"]
[EventRounds "7"]
[EventCountry "DEN"]
[SourceTitle "EXT 2006"]
[Source "ChessBase"]
[SourceDate "2005.11.24"]
[SourceVersion "1"]
[SourceVersionDate "2005.11.24"]
[SourceQuality "1"]

1. e4 c5 2. c3 d5 3. exd5 Qxd5 4. d4 Nf6 5. Nf3 e6 6. Bd3 Nc6 7. 0-0 cxd4 8. cxd4 Be7 9. Nc3 Qd8 10. a3 0-0 11. Bc2 b6 12. Qd3 a5 13. Rd1 Ba6 14. Qe3 Rc8 15. Ne5 Nd5 16. Nxd5 exd5 17. Bf5 Rc7 18. Qh3 g6 19. Bh6 Nxe5 20. dxe5 Re8 21. e6 f6 22. Be4 Bb7 23. Bf4 Bd6 24. Bxd5 Bxf4 25. Bxb7 Qe7 26. Bd5 Be5 27. Qb3 Qc5 28. g3 Kg7 29. Bf3 a4 30. Rd7+ Rxd7 31. exd7 Rd8 32. Qxa4 b5 33. Qb3 1/2-1/2

[Event "DEN-chT 0102"]
[Site "Denmark"]
[Date "2002.01.13"]
[Round "4.4"]
[White "Brinck Claussen, Bjorn"]
[Black "Larsen, Steen Skovlund"]
[Result "1-0"]
[WhiteElo "2365"]
[BlackElo "2331"]
[PlyCount "45"]
[EventDate "2001.11.04"]
[EventType "team-tourn"]
[EventRounds "7"]
[EventCountry "DEN"]
[SourceTitle "EXT 2023"]
[Source "ChessBase"]
[SourceDate "2022.10.05"]
[SourceVersion "1"]
[SourceVersionDate "2022.10.05"]
[SourceQuality "1"]
[WhiteTeam "Bronshoj"]
[BlackTeam "Sydkysten"]
[WhiteTeamCountry "DEN"]
[BlackTeamCountry "DEN"]

1. e4 c5 2. Nf3 d6 3. d4 Nf6 4. Nc3 cxd4 5. Nxd4 Nc6 6. Bc4 e6 7. Be3 a6 8. Qe2 Na5 9. Bd3 Qc7 10. 0-0-0 b5 11. Bg5 b4 12. Nd5 exd5 13. Bxf6 gxf6 14. exd5+ Be7 15. Rhe1 Ra7 16. Qh5 Qc5 17. Bf5 Bb7 18. Rxe7+ Kxe7 19. Re1+ Kd8 20. Qxf7 Bxd5 21. Qxf6+ Kc7 22. Qxh8 Bxa2 23. Re7+ 1-0

[Event "Wichern op 6th"]
[Site "Hamburg"]
[Date "2001.10.19"]
[Round "7.17"]
[White "Larsen, Steen Skovlund"]
[Black "Kokholm, Daniel"]
[Result "1-0"]
[WhiteElo "2331"]
[BlackElo "2159"]
[PlyCount "35"]
[EventDate "2001.10.21"]
[EventType "swiss"]
[EventRounds "9"]
[EventCountry "GER"]
[SourceTitle "EXT 2002"]
[Source "ChessBase"]
[SourceDate "2001.11.25"]
[SourceVersion "1"]
[SourceVersionDate "2001.11.25"]
[SourceQuality "1"]

1. Nf3 Nc6 2. d4 d5 3. Bg5 Bg4 4. e3 Nf6 5. Bxf6 gxf6 6. c4 e6 7. Nc3 Bb4 8. h3 Bf5 9. Rc1 Qd7 10. cxd5 Qxd5 11. Qa4 Qa5 12. Bb5 Qxa4 13. Bxa4 Kd7 14. Ke2 a6 15. d5 exd5 16. Nxd5 b5 17. Bb3 Be4 18. Nxf6+ 1-0

[Event "Wichern op 5th"]
[Site "Hamburg"]
[Date "1999.10.21"]
[Round "8.20"]
[White "Saltaev, Mihail"]
[Black "Larsen, Steen Skovlund"]
[Result "1-0"]
[WhiteElo "2480"]
[BlackElo "2310"]
[PlyCount "177"]
[EventDate "1999.10.15"]
[EventType "swiss"]
[EventRounds "9"]
[EventCountry "GER"]
[SourceTitle "EXT 2001"]
[Source "ChessBase"]
[SourceDate "2000.11.22"]
[SourceVersion "1"]
[SourceVersionDate "2000.11.22"]
[SourceQuality "1"]

1. e4 c5 2. Nf3 d6 3. d4 Nf6 4. Nc3 cxd4 5. Nxd4 e6 6. Be3 Nc6 7. Bd3 g6 8. 0-0 Bg7 9. Kh1 0-0 10. f4 Nxd4 11. Bxd4 e5 12. Bg1 exf4 13. Rxf4 Nh5 14. Rf1 Be5 15. Qe1 Be6 16. Ne2 Qg5 17. Bf2 Nf4 18. Nxf4 Qxf4 19. Bg1 Qh6 20. c3 Rfe8 21. Qe3 Qxe3 22. Bxe3 a6 23. Rfd1 Rac8 24. Bc2 Rc4 25. Bb6 Rb8 26. a4 Kf8 27. a5 Ke7 28. Rf1 Rh8 29. Bd3 Rc6 30. Ra4 Rhc8 31. Re1 Bc4 32. Bc2 Be6 33. Raa1 Rh8 34. Kg1 Rf8 35. Rf1 Rh8 36. Rf3 Bg4 37. Re3 Be6 38. h3 Bf4 39. Rf3 Be5 40. Raf1 f6 41. Ra1 h5 42. Bd3 Rhc8 43. Ra4 Bc4 44. Bc2 Be6 45. Rf1 Bc4 46. Re1 Be6 47. Rea1 Bf7 48. Bf2 Rc4 49. Rxc4 Bxc4 50. Bb6 Be6 51. Kf2 h4 52. Bd3 Bc4 53. Bc2 Be6 54. Bd1 g5 55. Bf3 Bc4 56. Ke1 Be6 57. Ke2 Rg8 58. Bf2 Rc8 59. Kd3 Bc4+ 60. Kd2 Be6 61. Ra4 Rc4 62. Ra3 Rc8 63. Be2 Bf4+ 64. Kc2 Bd7 65. c4 Bc6 66. Kd3 Be5 67. Bg4 Bd7 68. Rb3 Rc7 69. Rb6 Be8 70. Bf5 Bf7 71. b3 Bg8 72. Rb4 Bf7 73. Bb6 Rc6 74. Ba7 Rc7 75. Bb8 Kd8 76. Bxc7+ Kxc7 77. Ra4 Be8 78. Ra2 Bf7 79. b4 Bg3 80. Rb2 Be1 81. Rb1 Bf2 82. b5 Bg8 83. Bg4 axb5 84. cxb5 d5 85. Rf1 dxe4+ 86. Kxe4 Bh7+ 87. Bf5 Bxf5+ 88. Kxf5 Bd4 89. Rc1+ 1-0

[Event "Wichern op 5th"]
[Site "Hamburg"]
[Date "1999.10.19"]
[Round "6.22"]
[White "Larsen, Steen Skovlund"]
[Black "Gelashvili, Tamaz"]
[Result "1/2-1/2"]
[WhiteElo "2310"]
[BlackElo "2531"]
[PlyCount "100"]
[EventDate "1999.10.15"]
[EventType "swiss"]
[EventRounds "9"]
[EventCountry "GER"]
[SourceTitle "EXT 2001"]
[Source "ChessBase"]
[SourceDate "2000.11.22"]
[SourceVersion "1"]
[SourceVersionDate "2000.11.22"]
[SourceQuality "1"]

1. Nf3 Nf6 2. c4 Nc6 3. d4 e6 4. a3 d5 5. Nc3 g6 6. Bg5 Bg7 7. e3 0-0 8. Bd3 h6 9. Bh4 Ne7 10. 0-0 c6 11. Rc1 dxc4 12. Bxc4 Nf5 13. Bxf6 Qxf6 14. Ba2 Rd8 15. Qe2 b6 16. Bb1 Bb7 17. Rfd1 Rac8 18. Be4 Qe7 19. Na4 Nd6 20. Bd3 Rc7 21. Rd2 f5 22. Bb1 Nf7 23. Ba2 Rcd7 24. Rcd1 g5 25. h3 Kf8 26. Nc3 c5 27. dxc5 Rxd2 28. Rxd2 Bxc3 29. bxc3 Bxf3 30. Rxd8+ Nxd8 31. Qxf3 bxc5 32. g4 Qf6 33. gxf5 Qxf5 34. Qxf5+ exf5 35. Bb1 f4 36. exf4 gxf4 37. Kg2 Ne6 38. Kf3 Ke7 39. Bf5 Nc7 40. c4 Kf6 41. Kxf4 Ne8 42. Be4 Nd6 43. Bd3 Nf7 44. Be2 Nd6 45. Ke3 Ke5 46. f4+ Kf6 47. Bd3 Ke6 48. Kf3 Ne8 49. Kg4 Nf6+ 50. Kf3 Kd6 1/2-1/2

[Event "Wichern op 5th"]
[Site "Hamburg"]
[Date "1999.10.16"]
[Round "2.70"]
[White "Larsen, Steen Skovlund"]
[Black "Bigalke, Andre"]
[Result "1-0"]
[WhiteElo "2310"]
[BlackElo "1965"]
[PlyCount "89"]
[EventDate "1999.10.15"]
[EventType "swiss"]
[EventRounds "9"]
[EventCountry "GER"]
[SourceTitle "EXT 2001"]
[Source "ChessBase"]
[SourceDate "2000.11.22"]
[SourceVersion "1"]
[SourceVersionDate "2000.11.22"]
[SourceQuality "1"]

1. Nf3 Nf6 2. c4 g6 3. Nc3 d5 4. Qa4+ c6 5. cxd5 Nxd5 6. Qd4 Nf6 7. Qxd8+ Kxd8 8. d4 h6 9. e4 e6 10. a3 Nbd7 11. Bf4 Nh5 12. Be3 f5 13. exf5 gxf5 14. Ne5 Nxe5 15. dxe5 Bd7 16. Be2 Be8 17. 0-0 Kc7 18. Rac1 a6 19. Na4 Rc8 20. Rfd1 Rh7 21. Rc3 b5 22. Nc5 Bxc5 23. Rxc5 Kb7 24. Rd6 Ng7 25. b3 Rc7 26. a4 Bd7 27. axb5 axb5 28. Rd2 f4 29. Bxf4 Nf5 30. Bd3 Rh8 31. Bxf5 exf5 32. e6 Bxe6 33. Bxc7 Kxc7 34. b4 Ra8 35. f3 Ra4 36. Rb2 Bd5 37. Kf2 Ra3 38. Kg3 Rd3 39. Kf4 Rd4+ 40. Ke5 Rh4 41. g3 Rh3 42. Rc3 h5 43. Kxf5 h4 44. g4 Bxf3 45. Rbb3 1-0

[Event "Birkerod hold1"]
[Site "Manziusgarden"]
[Date "1998.12.06"]
[Round "?"]
[White "Laustsen, Lars"]
[Black "Larsen, Steen Skovlund"]
[Result "1/2-1/2"]
[WhiteElo "1892"]
[BlackElo "2327"]
[PlyCount "68"]
[EventDate "1998.??.??"]
[EventType "team"]
[EventRounds "7"]
[EventCountry "DEN"]
[SourceTitle "EXT 2005"]
[Source "ChessBase"]
[SourceDate "2004.11.15"]
[SourceVersion "1"]
[SourceVersionDate "2004.11.15"]
[SourceQuality "1"]

1. e4 c5 2. Nc3 Nc6 3. g3 g6 4. Bg2 Bg7 5. d3 d6 6. f4 e6 7. Nf3 Nge7 8. 0-0 0-0 9. Be3 b6 10. Qd2 Nd4 11. e5 Rb8 12. Nxd4 cxd4 13. Bxd4 Nf5 14. Bf2 dxe5 15. fxe5 Bxe5 16. Rae1 Bg7 17. Ne4 h5 18. c3 Ba6 19. Rd1 e5 20. b4 Nh6 21. c4 Bb7 22. Nc3 Bxg2 23. Kxg2 Nf5 24. a4 Qd7 25. Nd5 Ne7 26. Nc3 f5 27. d4 Qc6+ 28. d5 Qxc4 29. d6 Nc6 30. Qd5+ Qxd5+ 31. Nxd5 Nd8 32. Rc1 Ne6 33. Nc7 Nd8 34. Nd5 Ne6 1/2-1/2

[Event "DEN-chT 9798"]
[Site "Denmark"]
[Date "1997.11.16"]
[Round "3.4"]
[White "Pedersen, Jan"]
[Black "Larsen, Steen Skovlund"]
[Result "1/2-1/2"]
[WhiteElo "2370"]
[BlackElo "2305"]
[PlyCount "51"]
[EventDate "1997.11.02"]
[EventType "team-tourn"]
[EventRounds "7"]
[EventCountry "DEN"]
[SourceTitle "EXT 2023"]
[Source "ChessBase"]
[SourceDate "2022.10.05"]
[SourceVersion "1"]
[SourceVersionDate "2022.10.05"]
[SourceQuality "1"]
[WhiteTeam "Sydostfyn"]
[BlackTeam "Espergaerde"]
[WhiteTeamCountry "DEN"]
[BlackTeamCountry "DEN"]

1. e4 c5 2. Nf3 e6 3. d3 d5 4. Nbd2 Nc6 5. g3 Nf6 6. Bg2 Be7 7. 0-0 a5 8. Re1 h6 9. h4 a4 10. e5 Nh7 11. Nf1 0-0 12. c3 b5 13. d4 b4 14. dxc5 Bxc5 15. Nd4 Bd7 16. Be3 Qb6 17. Nxc6 Bxc6 18. Bxc5 Qxc5 19. Qd4 Qxd4 20. cxd4 Rfc8 21. Rec1 Bb5 22. Ne3 Rab8 23. f4 Nf8 24. Kf2 Nd7 25. Ke1 Nb6 26. Kd2 1/2-1/2

[Event "DEN-chT 9798"]
[Site "Denmark"]
[Date "1997.11.02"]
[Round "1.4"]
[White "Larsen, Karsten"]
[Black "Larsen, Steen Skovlund"]
[Result "0-1"]
[WhiteElo "2175"]
[BlackElo "2305"]
[PlyCount "68"]
[EventDate "1997.11.02"]
[EventType "team-tourn"]
[EventRounds "7"]
[EventCountry "DEN"]
[SourceTitle "EXT 2023"]
[Source "ChessBase"]
[SourceDate "2022.10.05"]
[SourceVersion "1"]
[SourceVersionDate "2022.10.05"]
[SourceQuality "1"]
[WhiteTeam "Copenhagen K41"]
[BlackTeam "Espergaerde"]
[WhiteTeamCountry "DEN"]
[BlackTeamCountry "DEN"]

1. e4 c5 2. Nf3 e6 3. Nc3 a6 4. g3 b5 5. Bg2 Bb7 6. d3 Be7 7. 0-0 d6 8. a4 b4 9. Ne2 Nf6 10. Nd2 Nc6 11. f4 0-0 12. h3 Nd7 13. g4 Nd4 14. Nxd4 cxd4 15. Nf3 Qb6 16. b3 Rac8 17. Bb2 Qc5 18. Rf2 e5 19. Qd2 f6 20. Raf1 a5 21. h4 d5 22. fxe5 fxe5 23. Ng5 Bxg5 24. Qxg5 dxe4 25. Bxe4 Bxe4 26. dxe4 Rxf2 27. Rxf2 Rf8 28. Rxf8+ Nxf8 29. Qd8 Qxc2 30. Qd5+ Kh8 31. Qf7 Qb1+ 32. Qf1 Qxf1+ 33. Kxf1 Ne6 34. Ke2 Nc5 0-1

[Event "EU-Cup 13th Group2"]
[Site "Eupen"]
[Date "1997.09.22"]
[Round "1"]
[White "Larsen, Steen Skovlund"]
[Black "Coenen, Norbert"]
[Result "1-0"]
[WhiteElo "2320"]
[BlackElo "2335"]
[PlyCount "121"]
[EventDate "1997.09.22"]
[EventType "team-k.o."]
[EventRounds "3"]
[EventCountry "BEL"]
[SourceTitle "EXT 2020"]
[Source "ChessBase"]
[SourceDate "2019.10.17"]
[SourceVersion "1"]
[SourceVersionDate "2019.10.17"]
[SourceQuality "1"]
[WhiteTeam "Espergaerde"]
[BlackTeam "Eupen Rochade"]
[WhiteTeamCountry "DEN"]
[BlackTeamCountry "BEL"]

1. Nf3 c5 2. c4 Nf6 3. Nc3 d5 4. cxd5 Nxd5 5. e3 g6 6. Bb5+ Nc6 7. Ne5 Nxc3 8. bxc3 Qd5 9. Nxc6 bxc6 10. Be2 e5 11. 0-0 c4 12. Qa4 Be6 13. d4 Be7 14. Rb1 0-0 15. Rb7 Bd6 16. Rxa7 Rxa7 17. Qxa7 c5 18. e4 Qxe4 19. Bf3 Qf5 20. Qb6 Bb8 21. Qxc5 Rc8 22. Qb6 e4 23. Bd1 Bc7 24. Qa6 Bd5 25. a4 Ra8 26. Qb5 Qe6 27. Qb4 f5 28. h3 h5 29. Ba3 Kf7 30. Qc5 Rc8 31. Kh1 f4 32. f3 e3 33. Be2 Bb8 34. Qb5 g5 35. Bc5 Bc7 36. Bb4 Bd6 37. a5 Rb8 38. Qa4 Kg6 39. a6 Ra8 40. Ra1 Bc7 41. Qb5 Rb8 42. Qc5 Bb6 43. Qd6 Ra8 44. Qxe6+ Bxe6 45. Bc5 Bxc5 46. dxc5 Ra7 47. c6 Bd5 48. Rd1 Be6 49. Ra1 Bd5 50. Rb1 Rxa6 51. c7 Be6 52. Bxc4 Rc6 53. Bxe6 Rxc7 54. c4 Kf6 55. Bd5 g4 56. hxg4 hxg4 57. fxg4 Kg5 58. Kg1 Kxg4 59. Bf3+ Kg3 60. Rb5 Rg7 61. Rh5 1-0

[Event "DEN-chT 9596"]
[Site "Denmark"]
[Date "1996.??.??"]
[Round "5"]
[White "Jorgensen, Michael"]
[Black "Larsen, Steen Skovlund"]
[Result "1-0"]
[WhiteElo "2325"]
[BlackElo "2330"]
[PlyCount "58"]
[EventDate "1995.??.??"]
[EventType "team"]
[EventRounds "7"]
[EventCountry "DEN"]
[SourceTitle "EXT 2000"]
[Source "ChessBase"]
[SourceDate "1999.11.16"]
[SourceVersion "1"]
[SourceVersionDate "1999.11.16"]
[SourceQuality "1"]

1. d4 Nf6 2. c4 c5 3. d5 b5 4. cxb5 a6 5. b6 e6 6. Nc3 Nxd5 7. Nxd5 exd5 8. Qxd5 Nc6 9. e4 Rb8 10. Nf3 Qxb6 11. Bc4 Nd8 12. 0-0 Ne6 13. Rd1 Be7 14. Bf4 Rb7 15. Bg3 0-0 16. b3 Ra7 17. Qd3 Rd8 18. Rac1 d6 19. Qe3 Rad7 20. Rd2 Bf8 21. Rcd1 g6 22. Bh4 Re8 23. Bf6 Ng7 24. Bc3 Rdd8 25. Ng5 Ne6 26. Qf4 Qc7 27. Nxe6 Rxe6 28. Bxe6 fxe6 29. Qf6 e5 1-0

[Event "Hastings Challengers 9596"]
[Site "Hastings"]
[Date "1995.??.??"]
[Round "2"]
[White "Larsen, Steen Skovlund"]
[Black "Fox, Anthony"]
[Result "1/2-1/2"]
[WhiteElo "2340"]
[BlackElo "2125"]
[PlyCount "73"]
[EventDate "1995.12.??"]
[EventType "swiss"]
[EventRounds "11"]
[EventCountry "ENG"]
[SourceTitle "EXT 1998"]
[Source "ChessBase"]
[SourceDate "1997.11.17"]
[SourceVersion "1"]
[SourceVersionDate "1997.11.17"]
[SourceQuality "1"]

1. d4 Nf6 2. c4 e6 3. Nf3 Bb4+ 4. Nbd2 b6 5. a3 Bxd2+ 6. Qxd2 0-0 7. e3 Bb7 8. Be2 a5 9. b3 d6 10. Bb2 Ne4 11. Qd3 f5 12. 0-0 Nd7 13. Nd2 Nxd2 14. Qxd2 Qe7 15. Rac1 Rae8 16. b4 axb4 17. axb4 Ra8 18. Ra1 Rxa1 19. Rxa1 Ra8 20. Rxa8+ Bxa8 21. Bc3 Bb7 22. f3 Nf6 23. Qa2 Qe8 24. Qa7 Qa8 25. Qxa8+ Bxa8 26. h3 Kf7 27. g4 h6 28. Kf2 g6 29. Bd3 Bb7 30. Kg3 Ba8 31. Kf4 b5 32. Kg3 bxc4 33. Bxc4 Nd5 34. Bd2 Nf6 35. Bd3 Bb7 36. Kf4 Nd5+ 37. Kg3 1/2-1/2

[Event "Copenhagen3"]
[Site "Copenhagen"]
[Date "1995.??.??"]
[Round "7"]
[White "Larsen, Steen Skovlund"]
[Black "Lilja, Richard"]
[Result "1-0"]
[WhiteElo "2340"]
[BlackElo "2165"]
[PlyCount "111"]
[EventDate "1995.??.??"]
[EventType "schev"]
[EventRounds "9"]
[EventCountry "DEN"]
[SourceTitle "EXT 1997"]
[Source "ChessBase"]
[SourceDate "1996.11.15"]
[SourceVersion "1"]
[SourceVersionDate "1996.11.15"]
[SourceQuality "1"]

1. d4 Nf6 2. c4 g6 3. Nc3 Bg7 4. e4 d6 5. f3 0-0 6. Nge2 e5 7. Bg5 c6 8. Qd2 Qc7 9. d5 Ne8 10. g4 a5 11. Ng3 Na6 12. 0-0-0 Rb8 13. Rg1 a4 14. Kb1 f6 15. Be3 Qa5 16. h4 Nc5 17. h5 g5 18. Rg2 Ra8 19. Nce2 Qxd2 20. Rxd2 Na6 21. Nc3 Nac7 22. b4 axb3 23. axb3 c5 24. Ra2 Rf7 25. Rxa8 Nxa8 26. Ra2 Nec7 27. Ra7 Bf8 28. Na2 Nb6 29. Bd2 Na6 30. Ba5 Nd7 31. Ra8 b6 32. Rxc8 bxa5 33. Nf5 Nb6 34. Re8 Rb7 35. Nxd6 Re7 36. Rd8 Rd7 37. Rxd7 Nxd7 38. Nb7 a4 39. bxa4 Nb6 40. a5 Na8 41. Kc2 N8c7 42. Kc3 Kf7 43. Bd3 Ke8 44. Bc2 Kd7 45. Ba4+ Kc8 46. Bc6 Nb8 47. a6 Nxc6 48. dxc6 Nxa6 49. Na5 Kc7 50. Kb3 Kb6 51. Ka4 Be7 52. Nc3 Nb4 53. Nd5+ Nxd5 54. cxd5 Bf8 55. Nc4+ Kc7 56. Kb5 1-0

[Event "North Bay op"]
[Site "North Bay"]
[Date "1995.??.??"]
[Round "?"]
[White "Larsen, Steen Skovlund"]
[Black "Livshits, Ron"]
[Result "1/2-1/2"]
[WhiteElo "2330"]
[BlackElo "2365"]
[PlyCount "31"]
[EventDate "1995.??.??"]
[EventType "swiss"]
[EventRounds "9"]
[EventCountry "CAN"]
[SourceTitle "EXT 2002"]
[Source "ChessBase"]
[SourceDate "2001.11.25"]
[SourceVersion "1"]
[SourceVersionDate "2001.11.25"]
[SourceQuality "1"]

1. d4 d5 2. c4 dxc4 3. Nf3 Nf6 4. Nc3 c6 5. a4 Bf5 6. Nh4 e6 7. Nxf5 exf5 8. e3 Bd6 9. Qf3 g6 10. Bxc4 a5 11. h3 h5 12. 0-0 Qe7 13. Bd3 Nbd7 14. e4 fxe4 15. Nxe4 Nxe4 16. Bxe4 1/2-1/2